00852nam a2200193 a 450000100100000000500170001000800410002704000240006811000800009224000180017224501360019026000860032630000210041230000210043350000730045404900090052795201050053699900170064100002748020200930030850.0110401s1941 dr 000 0 spa d aDO-SdBNPbspaBNPHU1 aRepública DominicanabSecretaría de Estado del Tesoro y comercio95456010a[Leyes, etc.]10aRecopilación de leyes para el regímen de las aduanas y relacionadas con el procedimiento para el cobro de impuestos fiscales /. aCiudad Trujillo, República Dominicana :bDirección General de Aduanas,c1941. a111 p. ;c24 cm. a112 p. ;c24 cm. aIncluye referencias bibliográficas y notas al pie de las páginas aBNPD 0010718PDaPDbPDcCTd2011-04-01iLF1l0o p27480-10r2020-06-25w2020-06-25yLFPDZNo se presta c26972d26972